| 000 | 00817nam a2200253 c 4500 | ||
|---|---|---|---|
| 003 | BLK | ||
| 005 | 20230817094501.0 | ||
| 008 | 180413b bul|||||r ||||||| ||bul|| | ||
| 040 | _aBLK | ||
| 041 |
_aBUL _cBUL |
||
| 080 |
_aАмериканска литература (на САЩ) _b821.111(73) _x-31 _z821.111(73)-31 |
||
| 100 | 1 |
_aКунц, Дийн Р. _eпърви автор _9242451 |
|
| 139 |
_aКунц, Дийн Р. _bК 93 |
||
| 245 | 1 | 0 |
_aНаслада _bРоман _cДийн Р. Кунц; прев. от англ. Илко Батаклиев, Милко Христов |
| 257 | _aUSA | ||
| 260 |
_bПлеяда _c1997 _aСофия |
||
| 300 |
_a255 с. _c21 см |
||
| 380 | _aX | ||
| 490 | _aТрилър | ||
| 856 | 4 |
_qpdf _u |
|
| 856 | 4 |
_qpdf _u |
|
| 942 |
_cKNG _n0 |
||
| 999 |
_c494519 _d494519 |
||
| 999 | _d23440 | ||
| 944 |
_a30545 _cНора Радева _k30545 _lНора Радева |
||